Science and Apocalypse in Bertrand Russell (Record no. 1464000)

MARC details
000 -LEADER
fixed length control field 00780 a2200241 4500
005 - DATE AND TIME OF LATEST TRANSACTION
control field 20251223104730.0
008 - FIXED-LENGTH DATA ELEMENTS--GENERAL INFORMATION
fixed length control field 251223b |||||||| |||| 00| 0 eng d
020 ## - INTERNATIONAL STANDARD BOOK NUMBER
International Standard Book Number 978-1-7936-1849-8 (pbk)
037 ## - SOURCE OF ACQUISITION
Terms of availability TB
040 ## - CATALOGING SOURCE
Original cataloging agency CRL
Transcribing agency CRL
041 ## - LANGUAGE CODE
Source of code eng
Language code of text/sound track or separate title eng
084 ## - COLON CLASSIFICATION NUMBER
Classification number R3xM72 R2
Assigning agency CRL
100 ## - MAIN ENTRY--PERSONAL NAME
Personal name Perez-Jara, Javier
9 (RLIN) 846485
245 ## - TITLE STATEMENT
Title Science and Apocalypse in Bertrand Russell
260 ## - PUBLICATION, DISTRIBUTION, ETC.
Place of publication, distribution, etc. Lanham, USA:
Name of publisher, distributor, etc. Lexington Books,
Date of publication, distribution, etc. 2022.
300 ## - PHYSICAL DESCRIPTION
Extent ix;244p.
365 ## - TRADE PRICE
Price amount 30.00
Currency code UKP
650 ## - SUBJECT ADDED ENTRY--TOPICAL TERM
Topical term or geographic name entry element Philosophy
9 (RLIN) 858864
650 ## - SUBJECT ADDED ENTRY--TOPICAL TERM
Topical term or geographic name entry element Russell, Bertrand
9 (RLIN) 858865
700 ## - ADDED ENTRY--PERSONAL NAME
Personal name Camprubi, Lino
Relator term Editor
9 (RLIN) 858866
942 ## - ADDED ENTRY ELEMENTS (KOHA)
Koha item type Textbook
Source of classification or shelving scheme Colon Classification (CC)
Suppress in OPAC No
Classification part R3xM72 R2
Holdings
Withdrawn status Lost status Source of classification or shelving scheme Damaged status Not for loan Home library Current library Date acquired Source of acquisition Cost, normal purchase price Inventory number Total Checkouts Full call number Barcode Date last seen Cost, replacement price Price effective from Koha item type
    Colon Classification (CC)     Central Library Central Library 2025-12-23 Govinda Book House 2553.81 6993 & 16/12/2025   R3xM72 R2 CL1924977 2025-12-19 3648.30 2025-12-19 Textbook
Copyright @ Delhi University Library System